|
|
|
|
| LEADER |
00802nam a22002291i 4500 |
| 001 |
c000019515 |
| 003 |
CARM |
| 005 |
00000000000000.0 |
| 008 |
900327s1955 nju 0 eng d |
| 019 |
1 |
|
|a 9586424
|z 9571058
|z 8086528
|5 LACONCORD2021
|
| 035 |
|
|
|a (OCoLC)231512
|5 LACONCORD2021
|
| 050 |
0 |
0 |
|a QC173
|b .P36
|
| 100 |
1 |
|
|a Peaslee, David C.
|
| 245 |
1 |
0 |
|a Elements of atomic physics /
|c Ed. by H. Mueller.
|
| 260 |
|
|
|a Englewood Cliffs, N.J. :
|b Prentice-Hall,
|c 1955.
|
| 300 |
|
|
|a 1v.
|
| 650 |
|
0 |
|a Nuclear physics.
|
| 650 |
|
0 |
|a Atoms.
|
| 700 |
1 |
|
|a Mueller, H.
|
| 852 |
8 |
|
|b CARM
|h A2:AD14G0
|i C00562
|p 0032704
|f BK
|
| 999 |
f |
f |
|i e54f73f5-602e-5f9c-8a07-c257194b207f
|s 0ad49df8-0682-586a-a86b-e9e48cbe3900
|
| 952 |
f |
f |
|p Can circulate
|a CAVAL
|b CAVAL
|c CAVAL
|d CARM 1 Store
|e C00562
|f A2:AD14G0
|h Other scheme
|i book
|m 0032704
|